[Event "European Blitz Championship 2021"]
[Site "Katowice"]
[Date "2021.12.17"]
[Round "3.21"]
[White "Gerasimenyk, Mikhail"]
[Black "Rudzinska, Michalina"]
[Result "1-0"]
[WhiteElo "2258"]
[BlackElo "2209"]
[Annotator "NA"]
[PlyCount "67"]
[EventDate "2021.12.17"]
[EventType "swiss"]
[EventCountry "POL"]
[SourceTitle "playchess.com"]
[Source "ChessBase"]
[SourceQuality "1"]

1. d4 Nf6 2. Nf3 e6 3. Bg5 c5 4. c3 Be7 5. e3 b6 6. Nbd2 Bb7 7. Bd3 cxd4 8.
cxd4 d6 9. O-O Nbd7 10. Rc1 O-O 11. Qe2 Re8 12. Ba6 Bxa6 13. Qxa6 h6 14. Bh4
Nd5 15. Bxe7 Qxe7 16. a3 N7f6 17. Rc2 Qd7 18. Rfc1 e5 19. Nc4 e4 20. Ne1 Nh7
21. Nd2 Qf5 22. Rc6 Nhf6 23. h3 Re6 24. Rc8+ Rxc8 25. Rxc8+ Kh7 26. Qxa7 Nh5
27. Qd7 Qg6 28. Rf8 Rf6 29. Qc8 Qg5 30. Qg4 Rg6 31. Qxg5 hxg5 32. Rxf7 Ndf6 33.
g4 Kg8 34. gxh5 1-0

[Event "European Blitz Championship 2021"]
[Site "Katowice"]
[Date "2021.12.17"]
[Round "3.21"]
[White "Melderis, Uldis"]
[Black "Teclaf, Pawel"]
[Result "0-1"]
[WhiteElo "1825"]
[BlackElo "2543"]
[Annotator "RC"]
[PlyCount "96"]
[EventDate "2021.12.17"]
[EventType "swiss"]
[EventCountry "POL"]
[SourceTitle "playchess.com"]
[Source "ChessBase"]
[SourceQuality "1"]

1. b4 c6 2. Bb2 Qb6 3. a3 a5 4. c4 axb4 5. c5 Qd8 6. axb4 Rxa1 7. Bxa1 Na6 8.
Qb3 Nf6 9. e3 e6 10. Nf3 Be7 11. d4 b6 12. Bd3 Nc7 13. O-O Ba6 14. cxb6 Nb5 15.
b7 Qb6 16. Nc3 Qxb7 17. Nxb5 Bxb5 18. Bxb5 Qxb5 19. Bc3 O-O 20. Ra1 Nd5 21. Ne5
Rd8 22. Be1 f6 23. Nd3 Rb8 24. Rb1 Ra8 25. g3 Bd6 26. e4 Nc7 27. e5 fxe5 28.
dxe5 Bxe5 29. Nxe5 Qxe5 30. Bd2 Nd5 31. b5 Rb8 32. Qa4 Qe2 33. Bf4 Nxf4 34.
Qxf4 Rxb5 35. Ra1 Rf5 36. Qd4 h6 37. Ra7 c5 38. Qe3 Qxe3 39. fxe3 Rd5 40. Kf2
c4 41. Rc7 Rd2+ 42. Kf3 d5 43. h4 e5 44. h5 Rd3 45. Ke2 e4 46. g4 c3 47. g5
hxg5 48. Rc6 Kh7 0-1

[Event "European Blitz Championship 2021"]
[Site "Katowice"]
[Date "2021.12.17"]
[Round "3.22"]
[White "Blohberger, Felix"]
[Black "Samborski, Henryk"]
[Result "1-0"]
[WhiteElo "2490"]
[BlackElo "2046"]
[Annotator "RC"]
[PlyCount "79"]
[EventDate "2021.12.17"]
[EventType "swiss"]
[EventCountry "POL"]
[SourceTitle "playchess.com"]
[Source "ChessBase"]
[SourceQuality "1"]

1. Nf3 Nf6 2. d4 g6 3. b3 Bg7 4. Bb2 O-O 5. e3 d5 6. Be2 b6 7. O-O Bb7 8. c4
Ne4 9. Nc3 Nxc3 10. Bxc3 c5 11. Rc1 dxc4 12. Bxc4 Nd7 13. dxc5 Nxc5 14. Bxg7
Kxg7 15. Qe2 e6 16. Qb2+ Qf6 17. Qxf6+ Kxf6 18. Rfd1 Rfd8 19. Kf1 h5 20. Nd4 e5
21. Nb5 a6 22. Nc7 Rxd1+ 23. Rxd1 Rc8 24. Nd5+ Bxd5 25. Bxd5 Rd8 26. Ke2 Rd6
27. h4 Ke7 28. g3 a5 29. Rd2 Nd7 30. Bc4 Rxd2+ 31. Kxd2 f6 32. Bd3 Nf8 33. Kc3
Kd6 34. Kc4 f5 35. Kb5 Kc7 36. Bc4 Kb7 37. Bf7 Kc7 38. a3 f4 39. exf4 exf4 40.
gxf4 1-0

[Event "European Blitz Championship 2021"]
[Site "Katowice"]
[Date "2021.12.17"]
[Round "3.22"]
[White "Grossmann, Ryszard"]
[Black "Kowalczyk, Rafal"]
[Result "0-1"]
[WhiteElo "1899"]
[BlackElo "2252"]
[Annotator "NA"]
[PlyCount "108"]
[EventDate "2021.12.17"]
[EventType "swiss"]
[EventCountry "POL"]
[SourceTitle "playchess.com"]
[Source "ChessBase"]
[SourceQuality "1"]

1. c4 e6 2. d4 Nf6 3. a3 b6 4. Nc3 Bb7 5. e3 d6 6. Nf3 Nbd7 7. Be2 Be7 8. O-O
Ne4 9. Qc2 f5 10. b3 O-O 11. Bb2 Ndf6 12. Nd2 Qe8 13. f3 Nxd2 14. Qxd2 Qg6 15.
Kh1 Rad8 16. Rae1 Nh5 17. Bd3 Bh4 18. f4 Bxe1 19. Rxe1 Nf6 20. Nb5 Rd7 21. b4
a6 22. Nc3 h5 23. Re2 h4 24. Kg1 h3 25. g3 Qg4 26. Rf2 Qg6 27. Be2 Kf7 28. d5
exd5 29. cxd5 Re8 30. Bf3 Rde7 31. Re2 Ne4 32. Bxe4 fxe4 33. Rf2 Qf5 34. Qd4
Kg8 35. Rd2 Rf7 36. a4 Qg4 37. Rf2 Qf5 38. a5 bxa5 39. bxa5 Bc8 40. Ne2 Bd7 41.
Qc3 Qxd5 42. Nd4 c5 43. Ne2 Bb5 44. Qe1 Qb3 45. Nc3 d5 46. Ba1 d4 47. Nd1 d3
48. Rb2 Qe6 49. Nc3 Bc6 50. Rb6 Rb7 51. Na4 Rxb6 52. axb6 Bxa4 53. Qc3 Re7 54.
Qxc5 d2 0-1

[Event "European Blitz Championship 2021"]
[Site "Katowice"]
[Date "2021.12.17"]
[Round "3.23"]
[White "Kastelik, Adrian"]
[Black "Mirski, Michal"]
[Result "1-0"]
[WhiteElo "2248"]
[BlackElo "2039"]
[Annotator "NA"]
[PlyCount "123"]
[EventDate "2021.12.17"]
[EventType "swiss"]
[EventCountry "POL"]
[SourceTitle "playchess.com"]
[Source "ChessBase"]
[SourceQuality "1"]

1. d4 Nf6 2. c4 e6 3. Nc3 d5 4. cxd5 exd5 5. Bg5 Be7 6. Qc2 O-O 7. e3 c6 8. Bd3
Nbd7 9. Nge2 Re8 10. O-O Ne4 11. Bxe7 Qxe7 12. Bxe4 dxe4 13. Ng3 Nf6 14. Rae1
Be6 15. f3 exf3 16. Rxf3 c5 17. Ref1 cxd4 18. exd4 Rad8 19. Qa4 a6 20. Re1 Qd7
21. Qxd7 Rxd7 22. Rd3 Red8 23. Red1 Nd5 24. Nxd5 Bxd5 25. a3 g6 26. Ne2 Bc4 27.
R3d2 Bxe2 28. Rxe2 Rxd4 29. Rxd4 Rxd4 30. Kf2 Kg7 31. Ke3 Rd5 32. Rc2 h5 33.
Rc7 Rb5 34. b4 a5 35. Rc4 axb4 36. axb4 Kf6 37. Kd4 Ke6 38. Kc3 Rf5 39. Rc7 Rf2
40. Rxb7 Rxg2 41. h4 Rg4 42. b5 Rxh4 43. b6 Rh1 44. Kc4 h4 45. Rb8 g5 46. b7
Rb1 47. Re8+ Kf5 48. b8=Q Rxb8 49. Rxb8 h3 50. Kd3 Kf4 51. Ke2 f5 52. Kf2 g4
53. Rb4+ Kg5 54. Kg3 Kf6 55. Kf4 Kg6 56. Rb6+ Kh5 57. Rb8 Kg6 58. Ra8 Kf6 59.
Ra6+ Kg7 60. Kxf5 g3 61. Rg6+ Kf7 62. Rxg3 1-0

[Event "European Blitz Championship 2021"]
[Site "Katowice"]
[Date "2021.12.17"]
[Round "3.23"]
[White "Skurniak, Szymon"]
[Black "Sadzikowski, Daniel"]
[Result "0-1"]
[WhiteElo "2032"]
[BlackElo "2525"]
[Annotator "RC"]
[PlyCount "104"]
[EventDate "2021.12.17"]
[EventType "swiss"]
[EventCountry "POL"]
[SourceTitle "playchess.com"]
[Source "ChessBase"]
[SourceQuality "1"]

1. e4 c6 2. c4 d5 3. cxd5 cxd5 4. exd5 Nf6 5. Nc3 Nxd5 6. Nf3 Nc6 7. d4 e6 8.
Bd3 Be7 9. O-O O-O 10. Re1 Bf6 11. Ne4 h6 12. Nxf6+ Nxf6 13. Be3 b6 14. Rc1 Bb7
15. h3 Rc8 16. Bb1 Qd5 17. Qd2 Qh5 18. Ne5 Rfd8 19. Nxc6 Bxc6 20. Qd3 Qd5 21.
f3 Bb5 22. Qa3 Qb7 23. Bf2 Re8 24. Rxc8 Rxc8 25. Qe3 Bd7 26. Rc1 Rxc1+ 27. Qxc1
Nd5 28. Qc2 f5 29. a3 Kf7 30. Qc4 Qc6 31. Ba2 Qxc4 32. Bxc4 Bc6 33. Bxd5 Bxd5
34. Kf1 g5 35. Ke2 a5 36. Kd3 a4 37. b4 axb3 38. Kc3 Ke7 39. Be3 Kf6 40. Bd2 h5
41. Be3 h4 42. Bf2 Kg6 43. Be1 Kh5 44. Kd3 g4 45. hxg4+ fxg4 46. fxg4+ Kxg4 47.
Kc3 Bxg2 48. Bxh4 Kxh4 49. Kxb3 Kg4 50. Kc4 Kf4 51. Kb5 Ke3 52. Kxb6 Kxd4 0-1

[Event "European Blitz Championship 2021"]
[Site "Katowice"]
[Date "2021.12.17"]
[Round "3.24"]
[White "Danielyan, Vahe"]
[Black "Piechocki, Franciszek"]
[Result "1-0"]
[WhiteElo "2332"]
[BlackElo "2216"]
[Annotator "NA"]
[PlyCount "48"]
[EventDate "2021.12.17"]
[EventType "swiss"]
[EventCountry "POL"]
[SourceTitle "playchess.com"]
[Source "ChessBase"]
[SourceQuality "1"]

1. e4 c5 2. Nc3 Nc6 3. Bb5 d6 4. Bxc6+ bxc6 5. d3 g6 6. Nge2 Bg7 7. Be3 Nf6 8.
h3 O-O 9. Qd2 a5 10. Bh6 a4 11. Bxg7 Kxg7 12. O-O Qb6 13. Rab1 Be6 14. Kh2 Qc7
15. f4 d5 16. e5 Ne8 17. Ng3 f5 18. exf6+ Rxf6 19. Rbe1 Nd6 20. Qf2 Nf5 21.
Nxf5+ Bxf5 22. Qxc5 Re8 23. Nxa4 e5 24. Nb6 Qb7 1-0

[Event "European Blitz Championship 2021"]
[Site "Katowice"]
[Date "2021.12.17"]
[Round "3.24"]
[White "Parol, Pola"]
[Black "Przybylski, Wojciech"]
[Result "0-1"]
[WhiteElo "2067"]
[BlackElo "2247"]
[Annotator "NA"]
[PlyCount "101"]
[EventDate "2021.12.17"]
[EventType "swiss"]
[EventCountry "POL"]
[SourceTitle "playchess.com"]
[Source "ChessBase"]
[SourceQuality "1"]

1. e4 e5 2. Nf3 Nc6 3. Bb5 Nf6 4. d3 d6 5. O-O Be7 6. h3 O-O 7. c3 a6 8. Ba4 b5
9. Bc2 d5 10. exd5 Qxd5 11. Bb3 Qd6 12. d4 exd4 13. Nxd4 Nxd4 14. Qxd4 Qxd4 15.
cxd4 Bd6 16. Nc3 Bb7 17. Bg5 b4 18. Na4 Ne4 19. Be3 a5 20. Rac1 Nf6 21. Nc5 Bd5
22. Bxd5 Nxd5 23. Nb7 Be7 24. Rfe1 Rfe8 25. Kf1 h6 26. Nc5 Bd6 27. Bd2 Rxe1+
28. Rxe1 a4 29. Ne4 Bf8 30. Rc1 Rd8 31. Be3 f5 32. Nc5 Kf7 33. Nxa4 Ra8 34. b3
Bd6 35. Bd2 f4 36. f3 g5 37. Kf2 h5 38. Rc2 Re8 39. Nc5 Nf6 40. Bxb4 g4 41.
hxg4 hxg4 42. Re2 g3+ 43. Kf1 Rh8 44. Ke1 Nd5 45. Ba3 Rh1+ 46. Kd2 Ra1 47. Kd3
Rd1+ 48. Kc2 Rg1 49. Kd3 Ne3 50. Ne4 Bxa3 51. Nxg3 0-1

[Event "European Blitz Championship 2021"]
[Site "Katowice"]
[Date "2021.12.17"]
[Round "3.25"]
[White "Kacprzak, Kacper"]
[Black "Wiecek, Pawel"]
[Result "1/2-1/2"]
[WhiteElo "2245"]
[BlackElo "1871"]
[Annotator "NA"]
[PlyCount "66"]
[EventDate "2021.12.17"]
[EventType "swiss"]
[EventCountry "POL"]
[SourceTitle "playchess.com"]
[Source "ChessBase"]
[SourceQuality "1"]

1. e4 d6 2. d4 Nf6 3. Nc3 g6 4. Be3 Bg7 5. Qd2 h5 6. f3 c6 7. O-O-O b5 8. Kb1
Qa5 9. h4 Be6 10. d5 cxd5 11. exd5 Bd7 12. Bd4 Na6 13. Nh3 Nc5 14. Ng5 b4 15.
Ne2 Rc8 16. Nf4 Bf5 17. Bd3 Nxd3 18. cxd3 O-O 19. Rhe1 Nxd5 20. Bxg7 Kxg7 21.
Nxd5 Qxd5 22. Rxe7 b3 23. axb3 Qxb3 24. Ne4 Be6 25. Nc3 Rc5 26. Re1 Rfc8 27.
R7xe6 Rxc3 28. Qg5 fxe6 29. Qe7+ Kg8 30. Qf6 Qc2+ 31. Ka1 Qa4+ 32. Kb1 Qc2+ 33.
Ka1 Qa4+ 1/2-1/2

[Event "European Blitz Championship 2021"]
[Site "Katowice"]
[Date "2021.12.17"]
[Round "3.25"]
[White "Deren, Marcin"]
[Black "Vetoshko, Volodymyr"]
[Result "0-1"]
[WhiteElo "1936"]
[BlackElo "2525"]
[Annotator "RC"]
[PlyCount "86"]
[EventDate "2021.12.17"]
[EventType "swiss"]
[EventCountry "POL"]
[SourceTitle "playchess.com"]
[Source "ChessBase"]
[SourceQuality "1"]

1. d4 d5 2. Nf3 Nf6 3. Bf4 c5 4. c3 Nc6 5. h3 Bf5 6. e3 Qb6 7. Qb3 c4 8. Qxb6
axb6 9. Nbd2 b5 10. Ne5 h6 11. g4 Bh7 12. Bg2 e6 13. O-O Be7 14. Rfe1 Nxe5 15.
Bxe5 O-O 16. e4 Nxe4 17. Bxe4 dxe4 18. Nxe4 Bxe4 19. Rxe4 b4 20. cxb4 Bxb4 21.
a3 Be7 22. Rc1 b5 23. Kf1 Rfd8 24. f4 f6 25. Bc7 Rd7 26. Bb6 Ra6 27. Bc5 Bxc5
28. dxc5 Kf7 29. Ke2 Rd5 30. Rd1 Rc6 31. Red4 Rcxc5 32. Ke3 Ke7 33. Rg1 Rxd4
34. Kxd4 Rd5+ 35. Ke3 Rd3+ 36. Ke4 g6 37. f5 exf5+ 38. gxf5 g5 39. Re1 Kd6 40.
h4 gxh4 41. Rh1 h3 42. Kf4 Kd5 43. Rg1 h2 0-1

[Event "European Blitz Championship 2021"]
[Site "Katowice"]
[Date "2021.12.17"]
[Round "3.26"]
[White "Reimanis, Ritvars"]
[Black "Seemann, Jakub"]
[Result "1/2-1/2"]
[WhiteElo "2397"]
[BlackElo "2296"]
[Annotator "RC"]
[PlyCount "156"]
[EventDate "2021.12.17"]
[EventType "swiss"]
[EventCountry "POL"]
[SourceTitle "playchess.com"]
[Source "ChessBase"]
[SourceQuality "1"]

1. d4 Nf6 2. Nf3 g6 3. c4 Bg7 4. Nc3 O-O 5. e4 d6 6. Be2 e5 7. O-O Nbd7 8. Re1
Re8 9. Bg5 h6 10. Bh4 g5 11. dxe5 gxh4 12. exf6 Bxf6 13. Qd2 Bg7 14. Qf4 Ne5
15. Nxh4 Qg5 16. Qxg5 hxg5 17. Nf3 Nxf3+ 18. Bxf3 Be6 19. Nd5 Bxd5 20. cxd5
Bxb2 21. Rab1 Bd4 22. Rec1 Bb6 23. a4 a5 24. Rc4 Kg7 25. Bg4 Kf6 26. Rb3 Re5
27. Kf1 Rae8 28. Bf5 Kg7 29. Rg3 f6 30. Be6 Kh6 31. h3 Bc5 32. Rb3 b6 33. g3
Kg7 34. Kg2 Rh8 35. Rb2 c6 36. f4 gxf4 37. gxf4 cxd5 38. fxe5 dxc4 39. exf6+
Kxf6 40. Bxc4 Ke5 41. Bd5 Rh7 42. Rb3 Rg7+ 43. Rg3 Rxg3+ 44. Kxg3 Be3 45. Bc6
Bc1 46. Kf3 Bh6 47. Bd5 Bc1 48. Ke2 Bh6 49. Kd3 Bg5 50. Kc4 Be3 51. Kb5 Kf6 52.
Kc6 Bc5 53. Kc7 Kg5 54. Kd7 Kh4 55. Be6 Kg5 56. Kc6 Kh4 57. Kd5 Kg5 58. Bd7 Kh4
59. Kc4 Kg5 60. h4+ Kxh4 61. Kd5 Kg5 62. Bg4 Kh4 63. Ke6 Bd4 64. Kf5 Bc5 65.
Ke6 Kg5 66. Bf5 Kh4 67. Kf6 Bd4+ 68. Kf7 Bc5 69. Ke6 Kg5 70. Kd5 Kh4 71. Bd7
Kg5 72. Kc4 Kh4 73. Kd3 Kg5 74. Ke2 Bd4 75. Kf3 Bc5 76. Kg3 Be3 77. Kf3 Kf6 78.
Ke2 Bh6 1/2-1/2

[Event "European Blitz Championship 2021"]
[Site "Katowice"]
[Date "2021.12.17"]
[Round "3.26"]
[White "Gorkiewicz, Mateusz"]
[Black "Sharankov, Grigory"]
[Result "1-0"]
[WhiteElo "2028"]
[BlackElo "2238"]
[Annotator "NA"]
[PlyCount "79"]
[EventDate "2021.12.17"]
[EventType "swiss"]
[EventCountry "POL"]
[SourceTitle "playchess.com"]
[Source "ChessBase"]
[SourceQuality "1"]

1. e4 e6 2. d4 d5 3. e5 c5 4. c3 Nc6 5. Nf3 Qb6 6. Bd3 cxd4 7. cxd4 Bd7 8. Bc2
Nb4 9. O-O Nxc2 10. Qxc2 Rc8 11. Nc3 Ne7 12. Be3 Nf5 13. a3 Be7 14. g4 Nh4 15.
Nxh4 Bxh4 16. f4 Be7 17. f5 h5 18. f6 gxf6 19. exf6 Bd6 20. g5 Rc4 21. g6 fxg6
22. f7+ Kd8 23. Qf2 Rf8 24. Rad1 Kc7 25. Bh6 g5 26. Bxf8 Bxf8 27. Rd2 Qd6 28.
Qf6 b5 29. Qxg5 a5 30. Qe5 b4 31. axb4 axb4 32. Ne2 Bb5 33. Ng3 Kd7 34. Qxd6+
Kxd6 35. Nxh5 b3 36. Rf3 Rc2 37. Rff2 Rc1+ 38. Kg2 Ke7 39. Nf4 Bd7 40. Ng6+ 1-0

[Event "European Blitz Championship 2021"]
[Site "Katowice"]
[Date "2021.12.17"]
[Round "3.27"]
[White "Budzisz, Adrian"]
[Black "Gumularz, Szymon"]
[Result "0-1"]
[WhiteElo "1985"]
[BlackElo "2533"]
[Annotator "RC"]
[PlyCount "66"]
[EventDate "2021.12.17"]
[EventType "swiss"]
[EventCountry "POL"]
[SourceTitle "playchess.com"]
[Source "ChessBase"]
[SourceQuality "1"]

1. d4 d6 2. e4 Nf6 3. Nc3 e5 4. dxe5 dxe5 5. Qxd8+ Kxd8 6. Bg5 Be6 7. O-O-O+
Nbd7 8. Nd5 Kc8 9. Nxf6 gxf6 10. Rxd7 fxg5 11. Rd3 Bc5 12. Nf3 f6 13. Be2 Bxf2
14. Rf1 Bc5 15. Nd2 Be7 16. h3 h5 17. Rdf3 c6 18. Bc4 Bd7 19. Rd3 Kc7 20. Rf2
Rad8 21. Nf1 Bc8 22. Ng3 b5 23. Bb3 Rxd3 24. cxd3 a6 25. Nf5 Bc5 26. Rf1 a5 27.
Bd1 a4 28. Kd2 Be6 29. b3 axb3 30. Bxb3 Bxb3 31. axb3 Ra8 32. Ng7 Ra2+ 33. Kc1
Ra1+ 0-1

[Event "European Blitz Championship 2021"]
[Site "Katowice"]
[Date "2021.12.17"]
[Round "3.28"]
[White "Dragnev, Valentin"]
[Black "Kubicka, Anna"]
[Result "1-0"]
[WhiteElo "2548"]
[BlackElo "2273"]
[Annotator "RC"]
[PlyCount "87"]
[EventDate "2021.12.17"]
[EventType "swiss"]
[EventCountry "POL"]
[SourceTitle "playchess.com"]
[Source "ChessBase"]
[SourceQuality "1"]

1. e4 c5 2. Nf3 d6 3. d4 cxd4 4. Nxd4 Nf6 5. Nc3 a6 6. Be2 e5 7. Nb3 Be7 8. Be3
Be6 9. Qd3 Nbd7 10. Nd5 Bxd5 11. exd5 b5 12. a4 bxa4 13. Rxa4 O-O 14. O-O Nb6
15. Ra5 Qc7 16. Rfa1 Rfc8 17. Bxb6 Qxb6 18. Rxa6 Rxa6 19. Rxa6 Qb7 20. Ra5 Bd8
21. Rb5 Qa7 22. c3 Bb6 23. Qf3 Bd8 24. h3 Qa2 25. Nd2 h6 26. Nc4 Be7 27. Ne3
Bf8 28. g3 Qb1+ 29. Kg2 Qg6 30. Rb7 Ra8 31. Qf5 Qxf5 32. Nxf5 Nxd5 33. Bc4 Nf6
34. Bxf7+ Kh8 35. Be6 Re8 36. Bf7 Ra8 37. Be6 Re8 38. Bb3 Rd8 39. Nh4 Kh7 40.
Bc2+ Kg8 41. Ng6 d5 42. Nxe5 Bd6 43. Nf7 Rb8 44. Nxd6 1-0

[Event "European Blitz Championship 2021"]
[Site "Katowice"]
[Date "2021.12.17"]
[Round "3.28"]
[White "Kozlowski, Michal"]
[Black "Walter, Szymon"]
[Result "0-1"]
[WhiteElo "2047"]
[BlackElo "2277"]
[Annotator "NA"]
[PlyCount "98"]
[EventDate "2021.12.17"]
[EventType "swiss"]
[EventCountry "POL"]
[SourceTitle "playchess.com"]
[Source "ChessBase"]
[SourceQuality "1"]

1. e4 c5 2. Nf3 d6 3. c4 Nf6 4. Nc3 e5 5. g3 g6 6. Bg2 Bg7 7. O-O O-O 8. d3 Nc6
9. Be3 Nd4 10. Nd2 Ng4 11. Bxd4 cxd4 12. Nd5 h5 13. h3 Nf6 14. f4 h4 15. fxe5
Nxd5 16. cxd5 Bxe5 17. gxh4 Bd7 18. Qe1 Rc8 19. Nf3 Bf6 20. Ng5 Bxg5 21. hxg5
Qxg5 22. Kh2 Rc2 23. Rf2 Rfc8 24. Qf1 Qe5+ 25. Kh1 Qg5 26. Re1 Rc1 27. Kh2 Rxe1
28. Qxe1 Rc1 29. Qd2 Qe5+ 30. Qf4 Qxf4+ 31. Rxf4 Rc2 32. Rf6 Bb5 33. Rxd6 Bxd3
34. Kg3 Rxb2 35. e5 Bb5 36. Rd8+ Kg7 37. e6 fxe6 38. dxe6 Kf6 39. Rxd4 Rxa2 40.
Bxb7 Ra3+ 41. Kf2 Kxe6 42. Bf3 a5 43. h4 Rd3 44. Re4+ Kf6 45. Re1 a4 46. Ra1 a3
47. Ra2 Bc4 48. Ra1 a2 49. Kg3 Rb3 0-1

[Event "European Blitz Championship 2021"]
[Site "Katowice"]
[Date "2021.12.17"]
[Round "3.29"]
[White "Zakrzewski, Marek"]
[Black "Rahnama, Matin"]
[Result "1-0"]
[WhiteElo "2279"]
[BlackElo "1780"]
[Annotator "NA"]
[PlyCount "60"]
[EventDate "2021.12.17"]
[EventType "swiss"]
[EventCountry "POL"]
[SourceTitle "playchess.com"]
[Source "ChessBase"]
[SourceQuality "1"]

1. e4 c6 2. d4 d5 3. Nd2 dxe4 4. Nxe4 Nf6 5. Nxf6+ exf6 6. c3 Bd6 7. Bd3 O-O 8.
Qc2 Re8+ 9. Ne2 g6 10. Be3 f5 11. O-O-O a5 12. h4 h5 13. Qd2 Be6 14. Kb1 Nd7
15. f3 b5 16. Nf4 Qe7 17. Rde1 b4 18. c4 Qf6 19. Nxe6 Rxe6 20. g4 f4 21. Bf2
hxg4 22. fxg4 Rae8 23. Reg1 f3 24. g5 Qf4 25. Qxf4 Bxf4 26. Rh3 Be3 27. Rxf3
Bxf2 28. Rxf2 Re3 29. Kc2 Rh3 30. Rg4 c5 1-0

[Event "European Blitz Championship 2021"]
[Site "Katowice"]
[Date "2021.12.17"]
[Round "3.29"]
[White "Musial, Tomasz"]
[Black "Papasimakopoulos, Alexandros"]
[Result "0-1"]
[WhiteElo "2111"]
[BlackElo "2394"]
[Annotator "NA RC"]
[PlyCount "122"]
[EventDate "2021.12.17"]
[EventType "swiss"]
[EventCountry "POL"]
[SourceTitle "playchess.com"]
[Source "ChessBase"]
[SourceQuality "1"]

1. d4 f5 2. g3 Nf6 3. Bg2 g6 4. Nh3 Bg7 5. Nf4 Nc6 6. d5 Ne5 7. Nc3 c6 8. e4
fxe4 9. Nxe4 O-O 10. dxc6 bxc6 11. Nxf6+ Bxf6 12. O-O Rb8 13. Rb1 d5 14. b3 Bg4
15. f3 Bf5 16. Bb2 Qd6 17. Qe2 Nf7 18. Bxf6 Qxf6 19. Nd3 e5 20. Rbe1 Rbe8 21.
Nc5 Qd6 22. Qf2 Ng5 23. Rd1 Bg4 24. Qe3 Bh3 25. Ne4 Nxe4 26. Bxh3 Qc5 27. Qxc5
Nxc5 28. c4 d4 29. b4 Na4 30. Bd7 Rb8 31. Bxc6 Rxb4 32. Rfe1 Nc3 33. Rd3 Rxc4
34. Bd7 Rc5 35. Be6+ Kg7 36. Kg2 g5 37. h4 h6 38. hxg5 hxg5 39. Rh1 Rb5 40. Rd2
a5 41. g4 Rb6 42. Bf5 Rh6 43. Rb2 Rxh1 44. Kxh1 Rf7 45. Rh2 Rxf5 46. gxf5 Kf6
47. Rd2 Kxf5 48. Kg2 Kf4 49. Kf2 g4 50. Rd3 g3+ 51. Kg2 Nd5 52. Ra3 Ne3+ 53.
Kg1 Kxf3 54. Rxa5 d3 55. Ra8 d2 56. Rf8+ Ke2 57. Rd8 d1=Q+ 58. Rxd1 Kxd1 59. a4
Nc4 60. Kg2 e4 61. Kxg3 e3 0-1

[Event "European Blitz Championship 2021"]
[Site "Katowice"]
[Date "2021.12.17"]
[Round "3.30"]
[White "Grzesik, Gracjan"]
[Black "Nasuta, Grzegorz"]
[Result "0-1"]
[WhiteElo "2208"]
[BlackElo "2377"]
[Annotator "NA"]
[PlyCount "117"]
[EventDate "2021.12.17"]
[EventType "swiss"]
[EventCountry "POL"]
[SourceTitle "playchess.com"]
[Source "ChessBase"]
[SourceQuality "1"]

1. c4 e5 2. Nc3 Nf6 3. Nf3 Nc6 4. g3 d5 5. cxd5 Nxd5 6. d3 Be7 7. Bg2 Nb6 8.
O-O O-O 9. Be3 Re8 10. Rc1 Bf8 11. a3 Nd4 12. Ne4 Bg4 13. Bxd4 exd4 14. Nc5
Bxc5 15. Rxc5 c6 16. h3 Be6 17. b4 Qd6 18. Qa1 Na4 19. Rc2 Bb3 20. Rd2 Rad8 21.
Rb1 Be6 22. Rc1 h6 23. Kh2 a6 24. Rdc2 Bb3 25. Rd2 Re7 26. Rb1 Be6 27. Re1 Bf5
28. Rc2 Nc3 29. Nxd4 Qxd4 30. Qxc3 Qxc3 31. Rxc3 Rxd3 32. Rxd3 Bxd3 33. e3 Bc2
34. Rc1 Ba4 35. Rc3 Rd7 36. Be4 Bb5 37. Kg2 Rd1 38. h4 Kf8 39. Bf3 Bf1+ 40. Kh2
Rd2 41. Kg1 Bb5 42. Bg2 Ke7 43. Bf3 g5 44. hxg5 hxg5 45. g4 f6 46. Kg2 Kd6 47.
Be4 b6 48. Bf5 c5 49. bxc5+ bxc5 50. Kg3 Rd1 51. f4 c4 52. Rc2 Kc5 53. fxg5
fxg5 54. e4 Kd4 55. Rh2 c3 56. Rc2 Ba4 57. Re2 c2 58. e5 c1=Q 59. Re4+ 0-1

[Event "European Blitz Championship 2021"]
[Site "Katowice"]
[Date "2021.12.17"]
[Round "3.30"]
[White "Milanowski, Jan"]
[Black "Janaszak, Dawid"]
[Result "1-0"]
[WhiteElo "1730"]
[BlackElo "2328"]
[Annotator "NA"]
[PlyCount "61"]
[EventDate "2021.12.17"]
[EventType "swiss"]
[EventCountry "POL"]
[SourceTitle "playchess.com"]
[Source "ChessBase"]
[SourceQuality "1"]

1. e4 d6 2. Nc3 Nf6 3. d4 c6 4. f4 Qa5 5. e5 Ne4 6. Qf3 Nxc3 7. bxc3 Bf5 8. Bd2
Bxc2 9. Bc4 e6 10. Nh3 d5 11. Be2 Nd7 12. O-O Qc7 13. c4 b6 14. Rac1 Be4 15.
Qg3 h6 16. Nf2 Bf5 17. cxd5 exd5 18. Qc3 Rc8 19. Ba6 Rd8 20. g4 Bh7 21. Qxc6
Qxc6 22. Rxc6 Nb8 23. Bb5 Nxc6 24. Bxc6+ Ke7 25. Bb4+ Ke6 26. f5+ Bxf5 27.
gxf5+ Kxf5 28. Bd2 Be7 29. Nd3+ Ke4 30. Bb5 Kxd4 31. Rf4# 1-0

[Event "European Blitz Championship 2021"]
[Site "Katowice"]
[Date "2021.12.17"]
[Round "4.1"]
[White "Duda, Jan-Krzysztof"]
[Black "Hasterok, Mateusz"]
[Result "1-0"]
[WhiteElo "2756"]
[BlackElo "2132"]
[Annotator "TA"]
[PlyCount "103"]
[EventDate "2021.12.17"]
[EventType "swiss"]
[EventCountry "POL"]
[SourceTitle "playchess.com"]
[Source "ChessBase"]
[SourceQuality "1"]

1. d4 Nf6 2. c4 e6 3. Nf3 d5 4. Nc3 dxc4 5. e4 Bb4 6. Bg5 c5 7. e5 h6 8. exf6
hxg5 9. fxg7 Rg8 10. a3 Ba5 11. Qa4+ Nc6 12. O-O-O Bd7 13. dxc5 Bxc3 14. bxc3
Qf6 15. Qxc4 O-O-O 16. Kb2 Rxg7 17. Rd2 g4 18. Nd4 Ne5 19. Qb4 Qf4 20. Nb3 Qxb4
21. axb4 Bc6 22. Nd4 Bd5 23. Nb5 a6 24. Nd6+ Kc7 25. c4 Bc6 26. Kc3 b5 27. cxb5
axb5 28. Nxb5+ Bxb5 29. Bxb5 Ra8 30. Kb3 f6 31. Rd6 Re7 32. Rhd1 Rb8 33. Ka4
Ra8+ 34. Ra6 Rb8 35. Ra7+ Rb7 36. Rxb7+ Kxb7 37. Rd6 f5 38. Ba6+ Ka7 39. Bc8
Nc4 40. Rxe6 Rc7 41. Ba6 Nb2+ 42. Kb3 Nd1 43. Bd3 Nxf2 44. Bxf5 Rg7 45. b5 g3
46. h4 Rf7 47. Re5 Nd1 48. h5 Nf2 49. h6 Nd1 50. h7 Rf8 51. Re7+ Kb8 52. c6 1-0

[Event "European Blitz Championship 2021"]
[Site "Katowice"]
[Date "2021.12.17"]
[Round "4.1"]
[White "Klepek, Witold"]
[Black "Spalir, Jernej"]
[Result "0-1"]
[WhiteElo "2148"]
[BlackElo "2368"]
[Annotator "ChessBase"]
[PlyCount "77"]
[EventDate "2021.12.17"]
[EventType "swiss"]
[EventCountry "POL"]
[SourceTitle "playchess.com"]
[Source "ChessBase"]
[SourceQuality "1"]

1. e4 e5 2. Nf3 Nc6 3. d4 exd4 4. Nxd4 Nf6 5. Nxc6 bxc6 6. e5 Qe7 7. Qe2 Nd5 8.
c4 Nb6 9. Nc3 Bb7 10. a4 a5 11. Qe3 Qe6 12. b3 Bb4 13. Bd2 O-O 14. Bd3 d6 15.
exd6 Qxe3+ 16. fxe3 cxd6 17. Ne4 Bxd2+ 18. Kxd2 Rad8 19. Rhd1 Rfe8 20. c5 dxc5
21. Nxc5 Bc8 22. Rac1 Nd5 23. e4 Nf4 24. Ke3 Nxg2+ 25. Kf3 Nh4+ 26. Kg3 Ng6 27.
Bc4 Kf8 28. h4 Ke7 29. Rf1 Ne5 30. Be2 Rd2 31. Rf2 Red8 32. Bf1 Rxf2 33. Kxf2
Rd2+ 34. Kg3 Rb2 35. Kf4 f6 36. Rc3 Bg4 37. Nd3 Nxd3+ 38. Bxd3 Be6 39. Bc4 0-1